| 000 | 00828nam a2200253Ia 4500 | ||
|---|---|---|---|
| 003 | OSt | ||
| 005 | 20220926014709.0 | ||
| 006 | a|||||r|||| 00| 0 | ||
| 007 | ta | ||
| 008 | 220923b |||||||| |||| 00| 0 eng d | ||
| 037 | _cGeneral Book | ||
| 040 |
_aRTL _cRTL _beng |
||
| 041 |
_2eng _aeng |
||
| 082 | _aX:770gW:28.1(X).N6, K6 | ||
| 100 |
_aMontgomery John D. _9117296 |
||
| 245 | 0 |
_aApproaches to development _b Politics administratio |
|
| 260 |
_aNew York _bMcGraw-Hill USA _c1966 |
||
| 300 |
_axiii, 299p. _ccm. |
||
| 490 | _aMcGraw-Hill series in international development | ||
| 650 |
_aEconomic Development _917300 |
||
| 700 |
_a Siffin William J. Ed. _9320991 |
||
| 942 |
_hX:770gW:28.1(X).N6, K6 _cGB _2CC |
||
| 999 |
_c629638 _d629638 |
||